00249nam a2200109Ia 4500008004100000041001200041082001100053100001600064245004600080260000600126650000700132221030s9999 xx 000 0 und d aEnglish a105.23 aS Copestake 0aAccess 2000 In Easy stepscby S Copestake c0 aMc